| 000 | 00643nam a2200205 a 4500 | ||
|---|---|---|---|
| 001 | 8195 | ||
| 003 | CO-ViMGA | ||
| 008 | 141112s2004 ck r 000 u spa d | ||
| 020 | _a9586700771 | ||
| 040 |
_aCO-ViMGA _bspa _cCO-ViMGA |
||
| 082 | 0 | 4 | _a184 Z85L |
| 100 | 1 |
_aZuleta, Estanislao _97974 |
|
| 245 | 1 | 0 |
_aLecciones de filosofia : _blogica y critica / _cZuleta Estanislao |
| 260 |
_aCali, _cUnivalle |
||
| 300 | _a320 p. | ||
| 590 | _aForma de adquisición : donacion - - Proveedor : Luis Ángel Arango | ||
| 650 | 1 | 4 |
_aAristoteles - critica e interpretacion _97975 |
| 650 | 1 | 4 |
_aPlaton - critica e interpretacion _97976 |
| 942 |
_2ddc _cBK |
||
| 999 |
_c20007 _d20007 |
||